[Event "AUTO-OPEN-2167"]
[Site "http://www.queenalice.com/game.php?id=859292"]
[Date "2010.11.15"]
[Round "1"]
[White "kamikaze"]
[Black "Tina"]
[Result "1-0"]
[WhiteElo "2031"]
[BlackElo "2005"]

1. d4 Nf6 2. c4 e6 3. a3 b6 4. Nc3 Bb7 5. Bg5 Be7 6. Bxf6 Bxf6 7. e4 d5 8. cxd5
exd5 9. e5 Bg5 10. Nf3 O-O 11. Be2 Nd7 12. O-O c5 13. Nxg5 Qxg5 14. Bf3 cxd4 15.
Nxd5 Rad8 16. Be4 Qxe5 17. Re1 Bxd5 18. Bxh7+ Kxh7 19. Rxe5 Nf6 20. Qxd4 Be6 21.
Qh4+ Kg8 22. h3 1-0

[Event "AUTO-ADV-1980"]
[Site "http://www.queenalice.com/game.php?id=861832"]
[Date "2010.11.21"]
[Round "1"]
[White "Tina"]
[Black "ciceroeduardo"]
[Result "1-0"]
[WhiteElo "2096"]
[BlackElo "1739"]

1. e4 e5 2. Nf3 Nc6 3. d4 Nf6 4. dxe5 Nxe4 5. Bd3 Nc5 6. Nc3 Be7 7. O-O O-O 8.
Nd5 Ne6 9. c3 d6 10. Qc2 g6 11. Nxe7+ Nxe7 12. Bh6 Nf4 13. Bxf4 dxe5 14. Nxe5
Bf5 15. Bxf5 Nxf5 16. Rad1 Nd6 17. Nc4 Qh4 18. Nxd6 Qxf4 19. Nxb7 Rab8 20. Nc5
Qc4 21. Nb3 a5 22. Rd4 Qe6 23. Nxa5 Qxa2 24. Nc4 Qa6 25. Ne3 c5 26. Ra4 Qc6 27.
Rfa1 Rfe8 28. Ra6 Rb6 29. Qa4 Rxa6 30. Qxa6 Qe4 31. Qb5 Re5 32. Rd1 c4 33. Qxc4
Qa8 34. Qd4 Qb8 35. Qd8+ Qxd8 36. Rxd8+ Kg7 37. c4 h5 38. b4 f5 39. g3 g5 40. b5
f4 41. Nd5 fxg3 42. hxg3 h4 43. b6 Re1+ 44. Kg2 hxg3 45. Kxg3 Rc1 46. b7 1-0

[Event "AUTO-ADV-1980"]
[Site "http://www.queenalice.com/game.php?id=861833"]
[Date "2010.11.21"]
[Round "1"]
[White "ciceroeduardo"]
[Black "Tina"]
[Result "1/2-1/2"]
[WhiteElo "1785"]
[BlackElo "2105"]

1. e4 e5 2. Nf3 Nc6 3. Bc4 Nf6 4. Nc3 Bb4 5. d4 Nxe4 6. O-O Nxc3 7. bxc3 Bxc3 8.
Rb1 O-O 9. Be3 exd4 10. Nxd4 Nxd4 11. Bxd4 Bxd4 12. Qxd4 d6 13. Bd3 Qg5 14. Rb5
Qg4 15. Qxg4 Bxg4 16. Rxb7 c5 17. c4 Rfb8 18. Rfb1 Rxb7 19. Rxb7 Be6 20. Be4
Bxc4 21. Rd7 d5 22. Bxd5 Bxd5 23. Rxd5 Rc8 24. Kf1 f6 25. f4 Rc7 26. Ke2 Kf7 27.
Kd3 Ke6 28. Kc4 g6 29. Rxc5 Rd7 1/2-1/2

[Event "AUTO-ADV-1980"]
[Site "http://www.queenalice.com/game.php?id=861834"]
[Date "2010.11.21"]
[Round "1"]
[White "Tina"]
[Black "MariusLola"]
[Result "1-0"]
[WhiteElo "2117"]
[BlackElo "1762"]

1. e4 e5 2. Nf3 f5 3. Nxe5 Qf6 4. d4 fxe4 5. Bc4 Nh6 6. Bxh6 gxh6 7. Qh5+ Ke7 8.
Nc3 c6 9. d5 d6 10. dxc6 bxc6 11. Nxc6+ Nxc6 12. Nd5+ Ke6 13. Nxf6+ Kxf6 14.
Qf7+ Kg5 15. h4+ Kg4 16. Be2# 1-0

[Event "AUTO-ADV-1980"]
[Site "http://www.queenalice.com/game.php?id=861835"]
[Date "2010.11.21"]
[Round "1"]
[White "MariusLola"]
[Black "Tina"]
[Result "0-1"]
[WhiteElo "1788"]
[BlackElo "2090"]

1. e4 e5 2. Nf3 Nc6 3. Bb5 a6 4. Bxc6 dxc6 5. Nxe5 Qd4 6. Nf3 Qxe4+ 7. Qe2 Qxe2+
8. Kxe2 Bf5 9. d3 Bd6 10. Re1 O-O-O 11. Kf1 Nf6 12. Bg5 Rhe8 13. Nc3 Be7 14. Ne5
Bg6 15. Rad1 Bd6 16. f4 Kb8 17. Ne4 Bxe4 18. Nxf7 Bd5 19. Nxd8 Rxd8 20. c4 Bf7
21. a3 Kc8 22. b4 Kd7 23. c5 Bf8 24. Bh4 Re8 25. Bg5 Nd5 26. Kf2 h6 27. Bh4 Nxf4
28. Bg3 Nd5 29. d4 Nc3 30. Rd3 Ne4+ 31. Kf3 Nxg3 32. Rxe8 Bxe8 33. Kxg3 b6 34.
cxb6 cxb6 35. d5 c5 36. bxc5 Bxc5 37. Kf4 Bg6 38. Rc3 Kd6 39. a4 Kxd5 40. Rb3
Be8 41. Rd3+ Kc4 42. Rd1 Bxa4 43. Re1 Bd4 44. Re4 Bc2 45. Re7 a5 46. Rc7+ Kb3
47. Rd7 Kc3 48. Rc7+ Kd3 49. Kf5 a4 50. Kg6 b5 51. Rb7 a3 52. Rxb5 a2 0-1

[Event "AUTO-ADV-1980"]
[Site "http://www.queenalice.com/game.php?id=861836"]
[Date "2010.11.21"]
[Round "1"]
[White "Tina"]
[Black "carpielo"]
[Result "1-0"]
[WhiteElo "2124"]
[BlackElo "1750"]

1. e4 e5 2. Nf3 Bd6 3. d4 Nc6 4. Bc4 exd4 5. O-O Nf6 6. Re1 Bb4 7. c3 dxc3 8.
bxc3 Bc5 9. e5 Ng4 10. Nd4 Ncxe5 11. Qxg4 O-O 12. Rxe5 d6 13. Rf5 Bxd4 14. cxd4
Bxf5 15. Qxf5 Qe7 16. Bd2 b5 17. Bxb5 Rab8 18. Nc3 c6 19. Bd3 Rb2 20. Qxh7# 1-0

[Event "AUTO-ADV-1980"]
[Site "http://www.queenalice.com/game.php?id=861837"]
[Date "2010.11.21"]
[Round "1"]
[White "carpielo"]
[Black "Tina"]
[Result "1/2-1/2"]
[WhiteElo "1775"]
[BlackElo "2130"]

1. e4 e5 2. d4 exd4 3. Qxd4 Nc6 4. Qe3 Bb4+ 5. Bd2 Qe7 6. a3 Bxd2+ 7. Nxd2 Nf6
8. Be2 d5 9. exd5 Qxe3 10. fxe3 Nxd5 11. e4 Nf4 12. O-O-O Nxg2 13. Ngf3 Be6 14.
Bb5 O-O-O 15. Rhg1 Nf4 16. Rxg7 Ng6 17. Ng5 Nd4 18. Nxe6 fxe6 19. Bd3 Rdg8 20.
Rxg8+ Rxg8 21. b4 Ne5 22. Nc4 Nxd3+ 23. Rxd3 Rd8 24. Ne5 Nb5 25. Rh3 c6 26. Nc4
Rd4 27. Nd2 Nd6 28. Rxh7 Nxe4 29. Nf3 Rd7 30. Rh6 Kc7 31. Rxe6 Nc3 32. h4 Rh7
33. Re5 Nd5 34. h5 Nf6 35. Ng5 Rxh5 36. Ne6+ Kd6 37. Rxh5 Nxh5 38. Nd4 Ng3
1/2-1/2

[Event "Challenge"]
[Site "http://www.queenalice.com/game.php?id=874627"]
[Date "2010.12.21"]
[Round "-"]
[White "Tina"]
[Black "Anonymo"]
[Result "0-1"]
[WhiteElo "2083"]
[BlackElo "1519"]

1. e4 e5 2. Nf3 Nc6 3. Bc4 Nf6 4. Ng5 d5 5. exd5 Na5 6. Bb5+ c6 7. dxc6 Nxc6 8.
O-O Bd6 9. d3 Qc7 10. Nf3 h6 11. Re1 Bd7 12. Nc3 O-O 13. Nd2 a6 14. Bxc6 Bxc6
15. Nde4 Bxe4 16. Nxe4 Nxe4 17. dxe4 Rad8 18. Qe2 Rfe8 19. b3 Rd7 20. Bb2 Red8
21. c4 Bb4 22. Red1 Rd2 0-1

[Event "Challenge"]
[Site "http://www.queenalice.com/game.php?id=875680"]
[Date "2010.12.23"]
[Round "-"]
[White "Tina"]
[Black "Larbac"]
[Result "0-1"]
[WhiteElo "1905"]
[BlackElo "1985"]

1. e4 e5 2. Nf3 Nc6 3. Bc4 Nf6 4. d3 Bc5 5. c3 h6 6. O-O O-O 7. d4 Bd6 8. dxe5
Nxe5 9. Nxe5 Bxe5 10. f4 Bd6 11. e5 Bc5+ 12. Kh1 Ne4 13. Qe2 d5 14. Bd3 Bf5 15.
Nd2 Nxd2 16. Bxd2 Qd7 17. Rae1 Rae8 18. Bxf5 Qxf5 19. Be3 Bxe3 20. Qxe3 Qc2 21.
Rf2 Qa4 22. b3 Qa5 23. f5 f6 24. e6 Re7 25. b4 Qa3 26. Qc5 Rfe8 27. Qxd5 Qxc3
28. Qd2 Qc6 29. Rf3 Qb5 30. Rd1 Qb6 31. Rd3 Kf8 32. a3 c6 33. Rd7 a6 34. Rxe7
Rxe7 35. Qd6 Qc7 36. Qxc7 Rxc7 37. Rd8+ Ke7 38. Rg8 Kd6 39. Rd8+ Ke5 40. g4 c5
41. Rd7 Rc8 42. bxc5 Kf4 43. Rxg7 Rxc5 44. Rxb7 Kf3 0-1

[Event "revanche"]
[Site "http://www.queenalice.com/game.php?id=885992"]
[Date "2011.1.14"]
[Round "-"]
[White "SalsaKing"]
[Black "Tina"]
[Result "0-1"]
[WhiteElo "1748"]
[BlackElo "2091"]

1. e4 c5 2. Nc3 Nc6 3. Nf3 d6 4. h3 Nf6 5. a3 g6 6. Bb5 Bg7 7. Bxc6+ bxc6 8. d3
Rb8 9. Bg5 Rxb2 10. O-O O-O 11. Na4 Rb8 12. Bd2 Nd7 13. Rb1 Ba6 14. Rb3 Rxb3 15.
cxb3 Bxd3 16. Re1 Bb5 17. b4 cxb4 18. Bxb4 c5 19. Bd2 Nb6 20. Nxb6 axb6 21. a4
Bc6 22. Qb3 Qc7 23. a5 bxa5 24. Qa3 a4 25. Rb1 Rb8 26. Re1 Rb3 27. Qc1 a3 0-1

[Event "Rock´n´Roll"]
[Site "http://www.queenalice.com/game.php?id=889044"]
[Date "2011.1.21"]
[Round "-"]
[White "bobifixer"]
[Black "Tina"]
[Result "1-0"]
[WhiteElo "2049"]
[BlackElo "2070"]

1. Nf3 c5 2. c4 Nc6 3. g3 b6 4. Bg2 Bb7 5. Nc3 Nf6 6. d3 g6 7. O-O Bg7 8. a3 d6
9. Bg5 O-O 10. Qd2 Qc7 11. Bh6 1-0

[Event "Challenge"]
[Site "http://www.queenalice.com/game.php?id=894477"]
[Date "2011.2.1"]
[Round "-"]
[White "Tina"]
[Black "eddval"]
[Result "0-1"]
[WhiteElo "2052"]
[BlackElo "2101"]

1. e4 e5 2. Nf3 Nc6 3. Bc4 Bc5 4. c3 Qe7 5. O-O Nf6 6. Re1 d6 7. Bb3 Bb6 8. h3
O-O 9. d4 h6 10. d5 Nb8 11. Nbd2 Nbd7 12. Bc2 Re8 13. Nc4 Nf8 14. a4 a6 15. Nxb6
cxb6 0-1